000 01211nam a2200337 c 4500
003 BLK
005 20180422105238.0
008 180409b bul|||||r ||||||| ||bul||
010 _aKNG00104189000
020 _a954-528-348-3
_bиздат.: Труд
040 _aBLK
041 _aBUL
_cBUL
080 _aАнглийска литература
_b821.111
_x-312.4
_z821.111-312.4
100 1 _aЧейс, Джеймс Хадли
_eпърви автор
_9369710
700 1 _aЛаптев, Веселин
_eпрев.
_9364791
139 _aЧейс, Джеймс Хадли
_bЧ 49
245 1 0 _aНаправи ми услуга - умри
_bИзбрано
_cДжеймс Хадли Чейс; прев. Веселин Лаптев.
250 _a2. изд.
257 _aGBR
260 София
_bТруд
_c2002
_fСофия : Инвестпрес
300 _a224 с.
_c20 см
380 _aX
500 _aОриг. загл. Do Me a Favour - Drop Dead / James Hadley Chase. - Офс. изд.
653 _aромани
653 _aкрими
852 _aЦб 213117
856 4 _qpdf
_u
856 4 _qpdf
_u
942 _cKNG
_n0
944 _aCR
_c01.01.2002
_kГеновева_Генчева
944 _aED
_c29.01.2004
_k
999 _c99190
_d99190